000 00331nam a22001337a 4500
999 _c9203
_d9203
003 OSt
008 201119b ||||| |||| 00| 0 eng d
100 _aKheterpal, S.C.
245 _aPhysical Chemistry Vol-I
250 _a17th ed
260 _aNew Delhi
_bPradeep Publications
_c2019
650 _aB.Sc Non Medical
942 _2ddc
_cBK